Should we Surrender Colonies ? / (Record no. 185055)
[ view plain ]
| 000 -LEADER | |
|---|---|
| fixed length control field | 01073 a2200169 4500 |
| 003 - CONTROL NUMBER IDENTIFIER | |
| control field | Nust |
| 005 - DATE AND TIME OF LATEST TRANSACTION | |
| control field | 20230403110325.0 |
| 040 ## - CATALOGING SOURCE | |
| Transcribing agency | Nust |
| 082 ## - DEWEY DECIMAL CLASSIFICATION NUMBER | |
| Classification number | 320.9,WRI |
| 100 ## - MAIN ENTRY--PERSONAL NAME | |
| Personal name | Wright, Fowler S |
| 9 (RLIN) | 111671 |
| 245 ## - TITLE STATEMENT | |
| Title | Should we Surrender Colonies ? / |
| Statement of responsibility, etc. | S . Fowler Wright |
| 260 ## - PUBLICATION, DISTRIBUTION, ETC. | |
| Place of publication, distribution, etc. | London |
| Name of publisher, distributor, etc. | Queensway Edtion |
| 300 ## - PHYSICAL DESCRIPTION | |
| Extent | 251:p |
| 505 ## - FORMATTED CONTENTS NOTE | |
| Formatted contents note | Mr. Chamberlains’s Policy (Page-11), The British Empire Grew (Page-27), How German Colonies Originated (Page-34),The Cape for Holland (Page-43), Destruction of Czechoslovakia (Page-46), The Way of Peace (Page-55), Burglary by Consent (Page-63), Tanganyika (Page-71), Germany Asked for More (Page-80), Looking Ahead (Page-143),Feeling in Australia (Page-148), What Mandates are (Page-151), The Plea of Justice (Page-162), Responsibility for Today (Page-174), Of Those who Died (Page-212), Nazi Intolerance (Page-212), Results of Abandoning Czechoslovakia (Page-218), Hitler’s Contempt (Page-227), Millions of Decent Germans (Page-233), Italian Claims upon France (Page-241). |
| 650 ## - SUBJECT ADDED ENTRY--TOPICAL TERM | |
| Topical term or geographic name entry element | Colonies |
| 9 (RLIN) | 49695 |
| 942 ## - ADDED ENTRY ELEMENTS (KOHA) | |
| Source of classification or shelving scheme | |
| Koha item type | Book |
| Withdrawn status | Lost status | Source of classification or shelving scheme | Damaged status | Not for loan | Permanent Location | Current Location | Shelving location | Date acquired | Full call number | Barcode | Date last seen | Price effective from | Koha item type | Public note |
|---|---|---|---|---|---|---|---|---|---|---|---|---|---|---|
| Military College of Signals (MCS) | Military College of Signals (MCS) | General Stacks | 12/12/2016 | 320.9,WRI | MCS29460 | 12/08/2016 | 12/12/2016 | Book | Almirah No.75, Shelf No.5 |
